000 01348nam a2200397 c 4500
999 _c160142
_d160142
003 BLK
005 20240321153212.0
008 180410b bul|||||r ||||||| ||bul||
010 _aKNG00167344000
040 _aBLK
041 _aBUL
_cBUL
072 7 _2bullib
_aК
_xКраезнание
072 7 _2bullib
_aЯ
_xАвтографи
080 _aБългарска литература
_b821.163.2
_x-4
_z821.163.2-4
100 _aКалоянов, Анчо
_gАнчев, Анчо Йорданов Писател, фолклорист, професор във ВТУ "Кирил и Методии"
_d1943 -
_9363964
139 _aКалоянов, Анчо
_bК 18
245 1 0 _aПрестолнина
_bЕсета
_cАнчо Калоянов.
257 _aBGR
260 _aСофия
_bОФ
_c1985
300 _a171 с.
_c17 см
380 _aX
490 _aПисател и общество
_9204977
500 _a3 200 тир.
653 _aесета
659 _aК
659 _aЯ
852 _aЦб І 21970
852 _aК 821.163.2/К 18 А
856 4 _qpdf
856 4 _qpdf
942 _cKNG
_n0
_s1
944 _aCR
_c14.11.2014
_lХристина Везирева
_k30535
944 _aED
_c14.11.2014
_l14.11.2014 - от С1,Р / 14.11.2014
999 _d160142
999 _d160142